[Event "Berlin-ch U18"]
[Site "Berlin"]
[Date "2004.02.03"]
[Round "3"]
[White "Kolessov, Sergej"]
[Black "Krugljakow, Leonid"]
[Result "1-0"]
[WhiteElo "2111"]
[BlackElo "1627"]
[PlyCount "71"]
[EventDate "2004.04.??"]
[EventType "swiss"]
[EventRounds "7"]
[EventCountry "GER"]
[SourceTitle "EXT 2005"]
[Source "ChessBase"]
[SourceDate "2004.11.15"]
[SourceVersion "1"]
[SourceVersionDate "2004.11.15"]
[SourceQuality "1"]

1. d4 Nf6 2. c4 e6 3. Nc3 Bb4 4. f3 Nh5 5. Nh3 0-0 6. Bg5 f6 7. Bh4 g5 8. Bf2 d6 9. Qd2 e5 10. 0-0-0 Qe7 11. e4 Nc6 12. dxe5 dxe5 13. Qc2 Bxc3 14. Qxc3 Be6 15. Be3 Bxh3 16. gxh3 Nf4 17. h4 Nd8 18. hxg5 fxg5 19. h4 gxh4 20. Bxf4 Rxf4 21. Rg1+ Kf8 22. Bh3 Qc5 23. b4 Qe7 24. Rd7 Qf6 25. b5 Nf7 26. Qb4+ Nd6 27. c5 Rxf3 28. cxd6 Rxh3 29. dxc7+ Ke8 30. Rgd1 Rh1 31. Qd2 Rxd1+ 32. Qxd1 Qf4+ 33. Kb2 Qf6 34. Rxh7 h3 35. c8Q+ Rxc8 36. Qd7+ 1-0

[Event "JBLN Ost 0102"]
[Site "Germany"]
[Date "2002.03.10"]
[Round "?"]
[White "Krugljakow, Leonid"]
[Black "Hanisch, Sebastian"]
[Result "0-1"]
[WhiteElo "1429"]
[BlackElo "1362"]
[PlyCount "56"]
[EventDate "2002.10.??"]
[EventType "team"]
[EventRounds "9"]
[EventCountry "GER"]
[SourceTitle "EXT 2005"]
[Source "ChessBase"]
[SourceDate "2004.11.15"]
[SourceVersion "1"]
[SourceVersionDate "2004.11.15"]
[SourceQuality "1"]

1. d4 Nf6 2. c4 e6 3. Nc3 Bb4 4. Qc2 d5 5. cxd5 exd5 6. Bg5 0-0 7. e3 Re8 8. Bd3 h6 9. Bf4 Nc6 10. Nge2 Nh5 11. 0-0 Bg4 12. Bg3 Bd6 13. Rfe1 Nb4 14. Qd2 Nxd3 15. Qxd3 Nxg3 16. Nxg3 c6 17. Rac1 Qg5 18. e4 Bxg3 19. hxg3 Qg6 20. Re3 dxe4 21. Rxe4 Red8 22. Re3 Qd6 23. f3 Be6 24. Ne2 Rac8 25. a3 c5 26. Rd1 cxd4 27. Qxd4 Qb6 28. Rxe6 Rxd4 0-1

[Event "JBLN Ost 0102"]
[Site "Germany"]
[Date "2001.11.18"]
[Round "?"]
[White "Krugljakow, Leonid"]
[Black "Buncke, Constantin"]
[Result "1-0"]
[WhiteElo "1429"]
[BlackElo "1238"]
[PlyCount "31"]
[EventDate "2002.10.??"]
[EventType "team"]
[EventRounds "9"]
[EventCountry "GER"]
[SourceTitle "EXT 2005"]
[Source "ChessBase"]
[SourceDate "2004.11.15"]
[SourceVersion "1"]
[SourceVersionDate "2004.11.15"]
[SourceQuality "1"]

1. d4 e6 2. c4 b6 3. Nc3 Ba6 4. e4 Bb4 5. Qc2 Nc6 6. Nf3 Nge7 7. a3 Bxc3+ 8. Qxc3 h6 9. b4 Bb7 10. Bd3 a5 11. d5 axb4 12. Qxg7 Rg8 13. Qxh6 Nb8 14. Qh5 Ra5 15. Ne5 Rg7 16. Bg5 1-0